| 000 | 00951 a2200205 4500 | ||
|---|---|---|---|
| 020 | _a0684811340 | ||
| 020 | _a9780684811345 | ||
| 082 | 0 | 4 | _a702.87 |
| 090 |
_c1465 _d1465 |
||
| 100 | 1 | _aHoving, Thomas. | |
| 245 | 1 | 0 |
_aFalse impressions : _bthe hunt for big-time art fakes / _cThomas Hoving. |
| 250 | _a1st ed. | ||
| 260 |
_a[S.l.] : _bSimon & Schuster, _c1996. |
||
| 300 |
_a366 p. ; _c24 cm. |
||
| 500 | _aHardcover. | ||
| 520 | _aThe former director of the Metropolitan Museum of Art takes a close-up look at the world of art forgery, from ancient times to the present day, sharing anecdotes about some of the costliest, most embarrassing forgeries ever, as well as the motives of the fakers. 50,000 first printing. Tour. | ||
| 856 | 4 | 0 |
_3Amazon.com _uhttp://www.amazon.com/exec/obidos/ASIN/0684811340/chopaconline-20 |
| 856 | 4 | 0 |
_3Amazon customer reviews _uhttp://www.chopac.org/cgi-bin/tools/azrev.pl?q=0684811340 |
| 942 |
_aNBS _cBK _k702.87 |
||
| 999 |
_c343986 _d343986 |
||